Активизация термоденудационных процессов на центральном ямале под действием климатических изменений и техногенеза; Современные проблемы гидрогеологии, инженерной геологии и гидрогеоэкологии Евразии
| Parent link: | Современные проблемы гидрогеологии, инженерной геологии и гидрогеоэкологии Евразии.— 2015.— [С. 381-384] |
|---|---|
| Körperschaft: | |
| Weitere Verfasser: | , , , , |
| Zusammenfassung: | Заглавие с титульного экрана Представлены данные полевого мониторинга и анализ дистанционных материалов по активизации термоденудационных процессов на ключевом участке Центрального Ямала при климатических колебаниях последних лет и возрастающем влиянии техногенеза. Presented are data on field monitoring and analysis of remote sensing data on activity of thermal denudation on Central Yamal key site under recent climatic fluctuations and technogenic impact intensification. |
| Sprache: | Russisch |
| Veröffentlicht: |
2015
|
| Schriftenreihe: | Грунтоведение. инженерная геодинамика. Методы инженерно-геологических исследований |
| Schlagworte: | |
| Online-Zugang: | http://earchive.tpu.ru/handle/11683/18305 http://www.lib.tpu.ru/fulltext/c/2015/C109/061.pdf |
| Format: | Elektronisch Buchkapitel |
| KOHA link: | https://koha.lib.tpu.ru/cgi-bin/koha/opac-detail.pl?biblionumber=616225 |
MARC
| LEADER | 00000naa2a2200000 4500 | ||
|---|---|---|---|
| 001 | 616225 | ||
| 005 | 20231101132910.0 | ||
| 035 | |a (RuTPU)RU\TPU\conf\14463 | ||
| 035 | |a RU\TPU\conf\14462 | ||
| 090 | |a 616225 | ||
| 100 | |a 20151221d2015 k y0rusy50 ca | ||
| 101 | 0 | |a rus |d eng | |
| 102 | |a RU | ||
| 105 | |a y z 101zy | ||
| 135 | |a drcn ---uucaa | ||
| 181 | 0 | |a i | |
| 182 | 0 | |a b | |
| 200 | 1 | |a Активизация термоденудационных процессов на центральном ямале под действием климатических изменений и техногенеза |f А. В. Хомутов, Ю. А. Дворников, М. О. Лейбман [и др.] | |
| 203 | |a Текст |c электронный | ||
| 225 | 1 | |a Грунтоведение. инженерная геодинамика. Методы инженерно-геологических исследований | |
| 230 | |a 1 компьютерный файл (pdf; 841 Кб) | ||
| 300 | |a Заглавие с титульного экрана | ||
| 320 | |a [Библиогр.: с. 384 (6 назв.)] | ||
| 330 | |a Представлены данные полевого мониторинга и анализ дистанционных материалов по активизации термоденудационных процессов на ключевом участке Центрального Ямала при климатических колебаниях последних лет и возрастающем влиянии техногенеза. | ||
| 330 | |a Presented are data on field monitoring and analysis of remote sensing data on activity of thermal denudation on Central Yamal key site under recent climatic fluctuations and technogenic impact intensification. | ||
| 337 | |a Adobe Reader | ||
| 463 | 0 | |0 (RuTPU)RU\TPU\conf\14280 |t Современные проблемы гидрогеологии, инженерной геологии и гидрогеоэкологии Евразии |o материалы Всероссийской конференции с международным участием, г. Томск, 23−27 ноября 2015 г. |f Национальный исследовательский Томский политехнический университет (ТПУ) ; под ред. А. Ю. Дмитриева |v [С. 381-384] |d 2015 | |
| 610 | 1 | |a труды учёных ТПУ | |
| 610 | 1 | |a электронный ресурс | |
| 610 | 1 | |a активизация | |
| 610 | 1 | |a термоденудационные процессы | |
| 610 | 1 | |a Ямал | |
| 610 | 1 | |a климатические изменения | |
| 610 | 1 | |a техногенез | |
| 701 | 1 | |a Хомутов |b А. В. | |
| 701 | 1 | |a Дворников |b Ю. А. | |
| 701 | 1 | |a Лейбман |b М. О. | |
| 701 | 1 | |a Губарьков |b А. А. | |
| 701 | 1 | |a Муллануров |b Д. Р. | |
| 712 | 0 | 2 | |a Национальный исследовательский Томский политехнический университет (ТПУ) |c (2009- ) |2 stltpush |3 (RuTPU)RU\TPU\col\15902 |
| 801 | 2 | |a RU |b 63413507 |c 20210224 |g RCR | |
| 856 | 4 | |u http://earchive.tpu.ru/handle/11683/18305 | |
| 856 | 4 | |u http://www.lib.tpu.ru/fulltext/c/2015/C109/061.pdf | |
| 942 | |c BK | ||